S. A. Ivanov - R. Z. Livšic: Ličnost v sovetskom trudovom prave

Bibliographic Details
Main Authors: Baracová, Elena (Author), Barancová, Elena (Author), Ivanov, S. A. (Author), Livšic, R. Z. (Author)
Format: Article
Language:Slovak
Subjects:

MARC

LEADER 00000nab a2200000 a 4500
001 vtls000187069
003 SK-MaSNL
005 20260304060137.0
008 250422c1984 xo 0 slo
015 |a SNBRB19rr/mm-uuuuu 
035 |a CL0197182 
035 |a urn:nbn:sk:snk-ab29cc 
035 |a (urnnbn)urn:nbn:sk:snk:ar-a01zd4 
035 |a (uuid)9217847f-2894-445d-8241-d093bb98e8a7 
040 |a SNKBUCL  |b slo  |c SNKBUCL  |e AACR2 
041 0 |a slo 
044 |a xo  |c SK 
080 |a 349.2/47/  |2 1981 
080 |a 342.734  |2 1981 
100 1 |a Baracová, Elena  |4 aut  |9 1342954 
245 1 0 |a S. A. Ivanov - R. Z. Livšic: Ličnost v sovetskom trudovom prave  |c Elena Baracová ; Elena Barancová, S. A. Ivanov, R. Z. Livšic 
650 0 7 |a pracovné právo  |2 snkbucl  |9 982 
650 0 7 |a osobnosť  |2 snkbucl  |9 4341 
655 7 |a články z novín a časopisov  |2 snkbucl  |9 267496 
700 1 |a Barancová, Elena  |4 aut  |9 935839 
700 1 |a Ivanov, S. A.  |4 aut  |9 712497 
700 1 |a Livšic, R. Z.  |4 aut  |9 1342955 
773 0 |t Právny obzor  |g Roč. 67, č. 4 (1984), s. 401-403 
787 0 8 |i Rec.:  |a Ivanov, S. A.  |t Ličnosť v sovetskom trudovom prave  |d Moskva : Nauka, 1982 
850 |a Slovenská národná knižnica 
852 |a Slovenská národná knižnica 
954 |a odborná, vedecká literatúra pôvodná (slovenská)  |2 lita 
958 |a article27 
958 |a RK 
958 |a SU 
958 |a OND 
958 |a EUIPO 
992 |a RBX 
999 |c 2727521  |d 2729451